| 000 | 01117pam a2200325 a 4500 | ||
|---|---|---|---|
| 001 | 10752 | ||
| 003 | BD-RjUL | ||
| 005 | 20211208235017.0 | ||
| 008 | 250114s1984 nyua b 001 0 eng | ||
| 020 | _a0442225504 | ||
| 035 | _a(BD-RjUL) | ||
| 040 |
_aDLC _cDLC _dBD-RjUL _beng |
||
| 041 | _aeng | ||
| 082 | 0 | 0 |
_a658.054 _219 _bFRP 1984 |
| 100 | 1 |
_aFrancl, Thomas J. _933247 |
|
| 245 | 1 | 0 |
_aPlanning, budgeting, and control for data processing : _bhow to make zero base budgeting work for you / _cThomas J. Francl, W. Thomas Lin, Miklos A. Vasarhelyi. |
| 260 |
_aNew York : _bVan Nostrand Reinhold, _cc1984. |
||
| 300 |
_aix, 180 p. : _bill. ; _c24 cm. |
||
| 500 | _aIncludes index. | ||
| 504 | _aBibliography: p. 175-177. | ||
| 650 | 0 |
_aElectronic data processing departments _xManagement. _91329 |
|
| 650 | 0 |
_aManagement information systems. _91330 |
|
| 650 | 0 |
_aManagement _xData processing. _933248 |
|
| 650 | 0 |
_aZero-base budgeting. _933249 |
|
| 700 | 1 |
_aLin, W. Thomas. _933250 |
|
| 700 | 1 |
_aVasarhelyi, Miklos A. _933251 |
|
| 942 |
_2ddc _cBK |
||
| 999 |
_c10752 _d10752 |
||